Derecho y administración pública en las indias hispánicas. Actas del XII Congreso Internacional de Historia del Derecho Indiano (Toledo, 19 a 21 de octubre de 1998)

محفوظ في:
التفاصيل البيبلوغرافية
مؤلف مشترك: Instituto Internacional de Historia del Derecho Indiano (Congreso)
مؤلفون آخرون: Barrios Pintado, Feliciano (coordinador)
التنسيق: كتاب
اللغة:الإنجليزية
منشور في: Cuenca, España: Ediciones de la Universidad de Castilla-La Mancha, 2002
الموضوعات:
الوسوم: إضافة وسم
لا توجد وسوم, كن أول من يضع وسما على هذه التسجيلة!

MARC

LEADER 00000nam a22000007a 4500
003 CL-VaPUC
005 20240409101510.0
008 220530b2002 ||||| |||| 00| 0 eng d
999 |c 435745  |d 435743 
020 |a 84-8427-180-3 
040 |c Pontificia Universidad Católica de Valparaíso 
082 7 |a 349.8 INS 2002  |2 22 
110 |a Instituto Internacional de Historia del Derecho Indiano.  |e  Congreso  |9 867194 
245 |a Derecho y administración pública en las indias hispánicas.  |b Actas del XII Congreso Internacional de Historia del Derecho Indiano (Toledo, 19 a 21 de octubre de 1998) 
260 |a Cuenca, España:  |b Ediciones de la Universidad de Castilla-La Mancha,  |c 2002 
300 |a 2 volúmenes. 
500 |a v.I- v.II c.1. Donación Familia Prof. Alejandro Guzmán Brito. v.I- v.II c.2. Donación Sr. Carlos Salinas Araneda. MEMO DER Nº13 / 26-3-2024 
583 |c 20220530  |k GC 
650 |a Derecho indiano  |9 256266 
650 |a Derecho colonial   |z América española   |x Congresos y asambleas  |9 870010 
651 |a América latina   |x Administración pública   |9 870011 
700 |a Barrios Pintado, Feliciano   |e coordinador  |9 869989 
942 |2 ddc  |c BK 
952 |0 0  |1 0  |2 ddc  |4 0  |6 349_800000000000000_INS_2002  |7 1  |8 C_AGB  |9 583323  |a BIBDER  |b BIBDER  |c GEN  |d 2022-05-30  |e Donación   |h v.I  |i 5651434  |l 2  |o 349.8 INS 2002  |p 5651434  |r 2023-05-16  |s 2023-05-16  |t 1  |w 2022-05-30  |y BK_US  |k AGB 
952 |0 0  |1 0  |2 ddc  |4 0  |6 349_800000000000000_INS_2002  |7 1  |8 C_AGB  |9 583324  |a BIBDER  |b BIBDER  |c GEN  |d 2022-05-30  |e Donación   |h v.II  |i 5651435  |o 349.8 INS 2002  |p 5651435  |r 2023-01-25  |t 1  |w 2022-05-30  |x Ubicación 4to Piso  |y BK_US  |k AGB 
952 |0 0  |1 0  |2 ddc  |4 0  |6 349_800000000000000_INS_2002  |7 0  |8 A  |9 594003  |a BIBDER  |b BIBDER  |d 2024-04-09  |e Donación   |h v.I  |i 5660641  |o 349.8 INS 2002  |p 5660641  |r 2024-04-09  |t 2  |w 2024-04-09  |y BK  |k DER 
952 |0 0  |1 0  |2 ddc  |4 0  |6 349_800000000000000_INS_2002  |7 0  |8 A  |9 594004  |a BIBDER  |b BIBDER  |d 2024-04-09  |e Donación   |h v.II  |i 5660642  |o 349.8 INS 2002  |p 5660642  |r 2024-04-09  |t 2  |w 2024-04-09  |x Ubicación 4to Piso  |y BK  |k DER